000 00661nam a22002057a 4500
999 _c9115
_d9115
003 AR-CdUCM
008 190327b ||||| |||| 00| 0 spa d
040 _aMUNICIPALIDAD PROVINCIAL DEL CUSCO
_cBIBLIOTECA MUNICIPAL DEL CUSCO
082 _a869.56 /
_bC95
100 _aCuentas, Alberto
_924993
245 _aDesde la Cumbre :
_bPoemas de Alberto Cuentas /
260 _aPuno :
_bTalleres tipograficos de Jose G. Herrera,
_c1937.
300 _a109 paginas ;
_c21 cm.
500 _aDonación de la Familia Nieto Dedicatoria a Luis Nieto
650 _aPoesia
_91598
650 _aLiteratura
_983
650 _aPerú
_935
942 _2ddc
_cLIBROS
945 _apjha